Name The Celebrity- Mega Picture Edition 3 - Statistics

General Stats
  • This quiz has been taken 270 times
  • The average score is 25 of 50
Answer Stats
Picture Answer % Correct
Taylor Swift
95%
Leonardo Di Caprio
94%
Snoop Dogg
89%
Emma Stone
88%
Angelina Jolie
84%
Steve Jobs
84%
Chris Pratt
79%
Muhammad Ali
78%
Prince Charles
78%
Ashton Kutcher
72%
Elton John
72%
Michael Jordan
72%
Macaulay Culkin
69%
Sandra Bullock
66%
Malcolm X
63%
Kate Winslet
62%
Tom Hiddleston
61%
Heath Ledger
59%
Mariah Carey
56%
Patrick Swayze
54%
Melissa McCarthy
53%
Mao Zedong
52%
Tom Hardy
52%
Andy Warhol
43%
Al Capone
42%
Queen Latifah
42%
River Phoenix
42%
Ronald Reagan
42%
Isaac Newton
40%
Steve Buscemi
39%
Liza Minnelli
38%
Genghis Khan
36%
Stephen King
36%
Fred Astaire
35%
Paula Abdul
35%
Roger Moore
35%
Sarah Palin
35%
Grace Kelly
34%
Janis Joplin
34%
Lorde
34%
Sigmund Freud
33%
Thomas Edison
31%
Woodrow Wilson
29%
Goldie Hawn
28%
Sonny Bono
27%
Charles Dickens
22%
Liberace
20%
Mickey Mantle
16%
Tony Abbott
8%
Shirley Temple
5%
No matching quizzes found
Score Distribution
Percent of People with Each Score
Percentile by Number Answered
Your Score History
You have not taken this quiz